Αλλέστα
Αποθηκεύτηκε σε:
| Κύριος συγγραφέας: | |
|---|---|
| Μορφή: | Βιβλίο |
| Γλώσσα: | Greek |
| Δημοσίευση: |
Αθήνα :
[χ.ό.],
1988.
|
| Θέματα: | |
| Ετικέτες: |
Προσθήκη ετικέτας
Δεν υπάρχουν, Καταχωρήστε ετικέτα πρώτοι!
|
MARC
| LEADER | 00000cam a2200000 i 4500 | ||
|---|---|---|---|
| 001 | 1/54738 | ||
| 008 | 970402s1988 gr | | | |||| ||gre|| | ||
| 040 | |a GR-MyUa |b gre |e AACR2 | ||
| 041 | 0 | |a gre | |
| 082 | 7 | |a 889.1 | |
| 100 | 1 | |a Παπαδημητρίου, Μιχάλης. | |
| 245 | 1 | 0 | |a Αλλέστα / |c Μιχάλη Παπαδημητρίου. |
| 260 | |a Αθήνα : |b [χ.ό.], |c 1988. | ||
| 300 | |a 48 σ. ; |c 21 εκ. | ||
| 650 | 0 | 0 | |a Greek poetry. |
| 852 | |a INST |b RHODES |e 20161101 |h 889.1 ΠΑΠ |p 005400038907 |q 005400038907 |t BK |y 0 | ||
| 852 | |a INST |b SAMOS |e 19970402 |h 889.1 ΠΑΠ |p 005300009146 |q 005300009146 |t BK |y 0 | ||
| 852 | |a INST |b SAMOS |e 19981008 |h 889.1 ΠΑΠ |p 005300010486 |q 005300010486 |t BK |y 0 | ||
| 901 | |a BIBL-1998-3 | ||